MARC details
| 000 -LEADER |
| fixed length control field |
01517nam a2200397Ia 4500 |
| 003 - CONTROL NUMBER IDENTIFIER |
| control field |
TR-AnTOB |
| 005 - DATE AND TIME OF LATEST TRANSACTION |
| control field |
20220425153936.0 |
| 007 - PHYSICAL DESCRIPTION FIXED FIELD--GENERAL INFORMATION |
| fixed length control field |
ta |
| 008 - FIXED-LENGTH DATA ELEMENTS--GENERAL INFORMATION |
| fixed length control field |
070618s2007 at a bc 001 0 eng d |
| 010 ## - LIBRARY OF CONGRESS CONTROL NUMBER |
| LC control number |
2007407578 |
| 020 ## - INTERNATIONAL STANDARD BOOK NUMBER |
| International Standard Book Number |
9780642541802 |
| Qualifying information |
(hardback) |
|
| International Standard Book Number |
0642541809 |
| 035 ## - SYSTEM CONTROL NUMBER |
| System control number |
(OCoLC)144613583 |
| 040 ## - CATALOGING SOURCE |
| Original cataloging agency |
CAM |
| Language of cataloging |
eng |
| Description conventions |
rda |
| Transcribing agency |
CAM |
| Modifying agency |
BAKER |
| -- |
BTCTA |
| -- |
YDXCP |
| -- |
ANL |
| -- |
DLC |
| -- |
OUN |
| -- |
TR-AnTOB |
| 041 ## - LANGUAGE CODE |
| Language code of text/sound track or separate title |
İngilizce |
| 043 ## - GEOGRAPHIC AREA CODE |
| Geographic area code |
u-at--- |
| 050 14 - LIBRARY OF CONGRESS CALL NUMBER |
| Classification number |
NE789.3 |
| 090 ## - LOCALLY ASSIGNED LC-TYPE CALL NUMBER (OCLC); LOCAL CALL NUMBER (RLIN) |
| Classification number (OCLC) (R) ; Classification number, CALL (RLIN) (NR) |
NE789.3 |
| Local cutter number (OCLC) ; Book number/undivided call number, CALL (RLIN) |
.B88 2007 |
| 100 1# - MAIN ENTRY--PERSONAL NAME |
| Personal name |
Butler, Roger, |
| Dates associated with a name |
1948- |
| 9 (RLIN) |
136798 |
| 245 10 - TITLE STATEMENT |
| Title |
Printed images in colonial Australia 1801-1901 / |
| Statement of responsibility, etc. |
Roger Butler. |
| 264 #1 - PRODUCTION, PUBLICATION, DISTRIBUTION, MANUFACTURE, AND COPYRIGHT NOTICE |
| Place of production, publication, distribution, manufacture |
[Canberra?] : |
| Name of producer, publisher, distributor, manufacturer |
National Gallery of Australia, |
| Date of production, publication, distribution, manufacture, or copyright notice |
[2007] |
|
| Date of production, publication, distribution, manufacture, or copyright notice |
©2007 |
| 300 ## - PHYSICAL DESCRIPTION |
| Extent |
xvii, 294 pages : |
| Other physical details |
illustrations (some color) ; |
| Dimensions |
30 cm |
| 336 ## - CONTENT TYPE |
| Content type term |
text |
| Content type code |
txt |
| Source |
rdacontent |
| 337 ## - MEDIA TYPE |
| Media type term |
unmediated |
| Media type code |
n |
| Source |
rdamedia |
| 338 ## - CARRIER TYPE |
| Carrier type term |
volume |
| Carrier type code |
nc |
| Source |
rdacarrier |
| 500 ## - GENERAL NOTE |
| General note |
"The first of three volumes, coincides with the major twenty-fifth anniversary exhibition 'The story of Australian printmaking 1801-2005' at the National Gallery of Australia"--Foreword |
| 610 20 - SUBJECT ADDED ENTRY--CORPORATE NAME |
| Corporate name or jurisdiction name as entry element |
National Gallery of Australia |
| 9 (RLIN) |
136800 |
| 650 #0 - SUBJECT ADDED ENTRY--TOPICAL TERM |
| Topical term or geographic name entry element |
Prints, Australian |
| Chronological subdivision |
19th century |
| Form subdivision |
Exhibitions |
| 9 (RLIN) |
136801 |
|
| Topical term or geographic name entry element |
Prints, Australian |
| Chronological subdivision |
20th century |
| Form subdivision |
Exhibitions |
|
| Topical term or geographic name entry element |
Prints |
| Geographic subdivision |
Australia |
| -- |
Canberra (A.C.T.) |
| Form subdivision |
Exhibitions |
| 710 2# - ADDED ENTRY--CORPORATE NAME |
| Corporate name or jurisdiction name as entry element |
National Gallery of Australia |
| 9 (RLIN) |
136800 |
| 740 02 - ADDED ENTRY--UNCONTROLLED RELATED/ANALYTICAL TITLE |
| Uncontrolled related/analytical title |
Story of Australian printmaking 1801-2005 |
| 942 ## - ADDED ENTRY ELEMENTS (KOHA) |
| Source of classification or shelving scheme |
Library of Congress Classification |
| Koha item type |
Book |